Szczegóły MARC21

Victorian fiction : writers, publishers, readers

005 -DATA I CZAS OSTATNIEJ MODYFIKACJI [,]
    • @
    • pole kontrolne
    • 20061122111021.0
020 -Międzynarod. znormalizowany nr książki - ISBN [ , ]
    • a
    • Numer ISBN
    • 9781403939852 Find
020 -Międzynarod. znormalizowany nr książki - ISBN [ , ]
    • a
    • Numer ISBN
    • 1403939853 Find
040 -Instytucja sporządzająca opis [ , ]
    • a
    • Instytucja, która sporządziła opis (NP)
    • SZCZ U/ET
    • c
    • Instytucja, która sporządziła rekord (NP)
    • SZCZ U/ET
    • d
    • Instytucja, która zmodyfikowała rekord (P)
    • SZCZ U/KP
041 -Język dokumentu [0, ]
    • a
    • Język tekstu (P)
    • angielski
044 -Kraj miejsca wydania [ , ]
    • a
    • Kraj miejsca wydania
    • Wielka Brytania
942 -Rodzaj dokumentu [ , ]
    • c
    • Rodzaj dokumentu
    • Książka
100 -Hasło główne - nazwa osobowa [1, ]
    • a
    • Nazwa osobowa (NP)
    • Sutherland, John
    • d
    • Daty biograficzne (NP)
    • (1938- ).
    • 9
    • KHW
    • 95832
245 -Strefa tytułu i oznaczenia odpowiedzialności [1,0]
    • a
    • Tytuł
    • Victorian fiction Find
    • b
    • Ciąg dalszy tytułu (NP)
    • : writers, publishers, readers Find
    • c
    • Pozostałe elementy strefy tytułu i oznaczenia odpowiedzialności (NP)
    • John Sutherland
250 -Strefa wydania [ , ]
    • a
    • Oznaczenie wydania (NP)
    • [2 ed.].
260 -Strefa adresu wydawniczego [ , ]
    • a
    • Miejsce wydania (P)
    • Houndmills
    • b
    • Nazwa wydawcy (P)
    • Palgrave Macmillan
    • c
    • Data wydania (P)
    • [2006]
300 -Strefa opisu fizycznego [ , ]
    • a
    • Określenie formy książki i/lub objętość (NP)
    • XXV, 198 s.
    • b
    • Oznaczenie ilustracji (NP)
    • il.
    • c
    • Format (NP)
    • 22 cm.
500 -Uwaga ogólna [ , ]
    • a
    • Uwaga ogólna (NP)
    • Bibliogr. Ind.
080 -Uniwersalna Klasyfikacja Dziesiętna [ , ]
    • 2
    • Identyfikator wydania tablic
    • UDC-P022
    • a
    • Symbol klasyfikacji
    • 821.111(091)-3
    • b
    • Dopowiedzenie
    • Literatura angielska (historia) - powieści, nowele, opowiadania - opracowania krytyczne.
    • x
    • Poddział wspólny
    • "18"
    • x
    • Poddział wspólny
    • =111
    • b
    • Dopowiedzenie
    • =język angielski
980 -Symbol UKD [ , ]
    • a
    • UKD
    • 821.111(091)-3"18"=111
920 -ISBN [ , ]
    • a
    • ISBN
    • 978-1-4039-3985-2 Find
920 -ISBN [ , ]
    • a
    • ISBN
    • 1-4039-3985-3 Find
Lokalizacja Data inwentaryzacji Status udost. Numer inwentarzowy Sygnatura
BM2006-11-211A.7687ANG. Lit. ang. - wiktoriańska 02